Los estudios psicológicos de la sustentablidad hídrica. Aplicaciones al sistema tarifario de consumo = The psychological studies of the sustainability. Applications to the tariff system of consumer /
में बचाया:
| मुख्य लेखक: | |
|---|---|
| अन्य लेखक: | |
| स्वरूप: | मूलपाठ |
| टैग: |
टैग जोड़ें
कोई टैग नहीं, इस रिकॉर्ड को टैग करने वाले पहले व्यक्ति बनें!
|
MARC
| LEADER | 00000 a a2200000 04500 | ||
|---|---|---|---|
| 001 | 47113 | ||
| 003 | |||
| 040 | |||
| 090 | |a REV0862 139(I) 2013 | ||
| 100 | |a García Lirios, Cruz | ||
| 245 | |a Los estudios psicológicos de la sustentablidad hídrica. Aplicaciones al sistema tarifario de consumo = |b The psychological studies of the sustainability. Applications to the tariff system of consumer / |c Cruz García Lirios; José Marcos Bustos Aguayo | ||
| 700 | |a Bustos Aguayo, José Marcos | ||
| 773 | |g número139, (2013), páginas 65-90 | ||
| 999 | |c 24948 |d 24948 | ||
| 773 | 0 | |0 18728 |9 3011 |a Universidad de Costa Rica |d San José, Costa Rica Editorial UCR 1956- |o 16172 |t Revista de Ciencias Sociales/ |x 04825276 | |
